Равновесие конденсированная фаза-пар в системе UF6-BrF3; Известия Томского политехнического университета [Известия ТПУ]; Т. 306, № 6

Bibliographische Detailangaben
Parent link:Известия Томского политехнического университета [Известия ТПУ]/ Томский политехнический университет (ТПУ).— , 2000-
Т. 306, № 6.— 2003.— [С. 82-85]
Weitere Verfasser: Жерин И. И. Иван Игнатьевич, Усов В. Ф. Владимир Фёдорович, Оствальд Р. В. Роман Вячеславович, Калайда Р. В., Амелина Г. Н. Галина Николаевна, Егоров Н. Б. Николай Борисович
Zusammenfassung:Заглавие с титульного листа
Электронная версия печатной публикации
Изучено фазовое равновесие конденсированная фаза_пар в системе UF6−BrF3. Определены области растворимости UF6 в BrF3 при температурах от 283,15 до 333,15 К. Показано положительное отклонение системы от закона Рауля, проведено сравнение полученных экспериментальных данных с литературными по равновесию жидкость - твёрдое тело.
Sprache:Russisch
Veröffentlicht: 2003
Schriftenreihe:Технические науки
Schlagworte:
Online-Zugang:http://www.lib.tpu.ru/fulltext/v/Bulletin_TPU/2003/v306/i6/19.pdf
Format: MixedMaterials Elektronisch Buchkapitel
KOHA link:https://koha.lib.tpu.ru/cgi-bin/koha/opac-detail.pl?biblionumber=167958

MARC

LEADER 00000nla2a2200000 4500
001 167958
005 20250919110838.0
035 |a (RuTPU)RU\TPU\book\182221 
035 |a RU\TPU\book\182204 
090 |a 167958 
100 |a 20091022d2003 k y0rusy50 ca 
101 0 |a rus 
102 |a RU 
135 |a drnn ---uucaa 
181 0 |a i  
182 0 |a b 
200 1 |a Равновесие конденсированная фаза-пар в системе UF6-BrF3  |f И. И. Жерин [и др.] 
203 |a Текст  |c электронный 
215 |a 1 файл (318 Кб) 
225 1 |a Технические науки 
300 |a Заглавие с титульного листа 
300 |a Электронная версия печатной публикации 
320 |a [Библиогр.: с. 85 (7 назв.)] 
330 |a Изучено фазовое равновесие конденсированная фаза_пар в системе UF6−BrF3. Определены области растворимости UF6 в BrF3 при температурах от 283,15 до 333,15 К. Показано положительное отклонение системы от закона Рауля, проведено сравнение полученных экспериментальных данных с литературными по равновесию жидкость - твёрдое тело. 
337 |a Adobe Reader 
461 1 |0 (RuTPU)RU\TPU\book\176237  |t Известия Томского политехнического университета [Известия ТПУ]  |f Томский политехнический университет (ТПУ)  |d 2000- 
463 1 |0 (RuTPU)RU\TPU\book\182122  |t Т. 306, № 6  |v [С. 82-85]  |d 2003 
610 1 |a бинарные системы 
610 1 |a конденсированные фазаы 
610 1 |a фазовое равновесие 
610 1 |a области растворимости 
610 1 |a закон Рауля 
610 1 |a жидкость-твердое тело 
610 1 |a труды учёных ТПУ 
610 1 |a электронный ресурс 
701 1 |a Жерин  |b И. И.  |c российский химик  |c профессор Томского политехнического университета, доктор химических наук  |f 1955-  |g Иван Игнатьевич  |3 (RuTPU)RU\TPU\pers\25854  |4 070  |9 11723 
701 1 |a Усов  |b В. Ф.  |c специалист в области химической технологии редких, рассеяных и радиоактивных элементов  |c доцент Томского политехнического университета  |f 1941-  |g Владимир Фёдорович  |3 (RuTPU)RU\TPU\pers\26569  |4 070 
701 1 |a Оствальд  |b Р. В.  |c химик-технолог  |c доцент Томского политехнического университета, кандидат химических наук  |f 1980-  |g Роман Вячеславович  |3 (RuTPU)RU\TPU\pers\25864  |4 070  |9 11732 
701 1 |a Калайда  |b Р. В. 
701 1 |a Амелина  |b Г. Н.  |c химик-технолог  |c доцент Томского политехнического университета, кандидат химических наук  |f 1963-  |g Галина Николаевна  |3 (RuTPU)RU\TPU\pers\27824  |4 070  |9 12862 
701 1 |a Егоров  |b Н. Б.  |c химик-технолог  |c доцент Томского политехнического университета, кандидат химических наук  |f 1974-  |g Николай Борисович  |3 (RuTPU)RU\TPU\pers\27912  |4 070  |9 12915 
801 1 |a RU  |b 63413507  |c 20090623  |g PSBO 
801 2 |a RU  |b 63413507  |c 20210521  |g PSBO 
856 4 |u http://www.lib.tpu.ru/fulltext/v/Bulletin_TPU/2003/v306/i6/19.pdf 
942 |c CF